Roma: arte y arquitectura

Tallennettuna:
Bibliografiset tiedot
Päätekijä: Bussagli, Marco (Tekijä)
Aineistotyyppi: Kirja
Kieli:espanja
Julkaistu: Colonia Könemann 2000
Aiheet:
Tagit: Lisää tagi
Ei tageja, Lisää ensimmäinen tagi!

MARC

LEADER 00000nam a2200000 a 4500
001 UCM9426
003 CL-VaPUC
008 030425e20000000GW |||||||||||||||||spa|d
082 0 4 |a 709.014  |b BUS  |2 21 
100 0 |a Bussagli, Marco  |e author  |9 475950 
245 1 0 |a Roma: arte y arquitectura 
300 |a 680 p 
942 |c BK 
945 |d 20030425 00:00:00  |a vberengu 
260 |a Colonia  |b Könemann  |c 2000 
650 0 |a Arte romano  |9 267838 
650 0 |a Arte   |v Historia  |9 267548 
650 0 |a Arquitectura romana  |9 314422 
583 |a last modification  |c 20030425 00:00:00  |k Rodrigo Vera 
999 |c 303695  |d 303693 
952 |0 0  |1 0  |4 0  |6 709_014000000000000_BUS_2000  |7 0  |8 A  |9 365187  |a BIBARQ  |b BIBARQ  |d 2019-11-21  |i 3888304  |l 3  |o 709.014 BUS 2000  |p 3888304  |r 2025-01-20  |s 2023-03-27  |w 2019-11-21  |y BK  |k ARQ